sanat - famous - ibe - Statistics

General Stats
  • This quiz has been taken 31 times
  • The average score is 187 of 339
Answer Stats
Hint Answer % Correct
famous
96%
kato
92%
92%
mua
92%
oo
92%
ja
88%
mul
88%
oon
88%
a
83%
on
83%
et
79%
monta
79%
mun
79%
79%
aina
75%
fanii
75%
haluu
75%
meille
75%
nää
75%
tulla
75%
elämä
71%
ladies
71%
ne
71%
71%
crazy
67%
ku
67%
tietää
67%
man
63%
miettii
63%
miltä
63%
niiden
63%
olla
63%
tuntuu
63%
vihaajat
63%
flexaan
58%
kosk
58%
moneyy
58%
päälle
58%
shameless
58%
tästä
58%
en
50%
ex-tyttöystävästä
50%
mieltä
50%
mitä
50%
eines
46%
vaa
46%
jo
42%
kaupassa
42%
käydä
42%
misogyniasta
42%
mistää
42%
mitään
42%
must
42%
mut
42%
ottaa
42%
tuijottaa
42%
vaan
42%
välil
42%
voikkaan
42%
heinous
38%
kävelin
38%
kokenu
38%
kuvii
38%
lautasel
38%
moikkaa
38%
rauhassa
38%
se
38%
soittaa
38%
tää
38%
tulee
38%
aikoina
33%
alan
33%
alkanu
33%
enkä
33%
horjuu
33%
idolit
33%
kilveks
33%
koitan
33%
kosketta
33%
less
33%
luovuttaa
33%
mediasta
33%
mies
33%
omaa
33%
osaa
33%
otan
33%
pistää
33%
polkuu
33%
psyyke
33%
sadonkorjuu
33%
solmuu
33%
takana
33%
torjuu
33%
väsynyt
33%
viime
33%
ajatukset
29%
bad
29%
egon
29%
hedonistinen
29%
hoikka
29%
hokenu
29%
ihan
29%
ikin
29%
iso
29%
kertoo
29%
koska
29%
lava
29%
mamat
29%
nameless
29%
poika
29%
saavuttanu
29%
sanoi
29%
say
29%
seuraa
29%
sillä
29%
sisään
29%
suostu
29%
tulin
29%
turhuudet
29%
voin
29%
voittaa
29%
bändi
25%
elää
25%
hiffaa
25%
jotain
25%
koitat
25%
koko
25%
kuvioita
25%
loikkaa
25%
luopumaan
25%
miten
25%
monen
25%
mukii
25%
näitä
25%
näkökulma
25%
nuorest
25%
omast
25%
päässy
25%
peilis
25%
puhun
25%
puolest
25%
pysty
25%
rahat
25%
sama
25%
siin
25%
sua
25%
tääl
25%
tarjol
25%
toiseen
25%
tunteet
25%
unelmaa
25%
yeah
25%
yhtäkkiä
25%
yks
25%
ero
21%
kauan
21%
klubin
21%
meiän
21%
pakulla
21%
sunnuntaisin
21%
turtuneeks
21%
varoitan
21%
vitun
21%
haltuun
17%
juovuttaa
17%
maakunnasta
17%
massii
17%
samal
17%
sulle
17%
tän
17%
tukikohtaan
17%
vaik
17%
palaan
13%
tekee
13%
yritä
8%
lauatsel
0%
mansion
0%
No matching quizzes found
Score Distribution
Percent of People with Each Score
Percentile by Number Answered
Your Score History
You have not taken this quiz